New Zealand Cities Picture Quiz - Statistics

General Stats
  • This quiz has been taken 28 times
  • The average score is 10 of 16
Answer Stats
Picture Answer % Correct
Auckland
100%
Wellington
96%
Rotorua
89%
Dunedin
78%
Christchurch
74%
Hamilton
70%
Queenstown
67%
Tauranga
63%
Napier
59%
New Plymouth
56%
Wanaka
52%
Cape Reinga
48%
Nelson
41%
Cromwell
33%
Tirau
26%
Taupo
19%
No matching quizzes found
Score Distribution
Percent of People with Each Score
Percentile by Number Answered
Your Score History
You have not taken this quiz